Analýza a porovnávanie krajov SR na úrovni NUTS III bakalárska práca

Salvato in:
Dettagli Bibliografici
Autore principale: Šaštinská, Anna
Ente Autore: Fakulta hospodárskej informatiky EU. Katedra operačného výskumu a ekonometrie
Altri autori: Domonkos, Tomáš
Natura: Libro
Lingua:slovacco
Pubblicazione: Bratislava 2011
Tags: Aggiungi Tag
Nessun Tag, puoi essere il primo ad aggiungerne!!

MARC

LEADER 00000nbm a2200000 4500
001 0151963
005 20120525085308.8
041 0 |a slo 
044 |a SK 
245 1 0 |a Analýza a porovnávanie krajov SR na úrovni NUTS III  |b bakalárska práca  |c Anna Šaštinská ; školiteľ: Tomáš Domonkos 
264 1 |a Bratislava  |c 2011 
300 |a 62 s. 
100 1 |a Šaštinská, Anna 
700 1 |a Domonkos, Tomáš 
710 2 |a Fakulta hospodárskej informatiky EU. Katedra operačného výskumu a ekonometrie